BIBLIOTECA PODER JUDICIAL
Portal Judicial TDF

De cómo interpretar las viejas instituciones. Lesión y perspectiva de género / (Registro nro. 5761)

000 -LEADER
fixed length control field 01261nab a22002537a 4500
003 - CONTROL NUMBER IDENTIFIER
control field OSt
005 - DATE AND TIME OF LATEST TRANSACTION
control field 20260105151111.0
008 - FIXED-LENGTH DATA ELEMENTS--GENERAL INFORMATION
fixed length control field 190514b xxu||||| |||| 00| 0 spa d
040 ## - CATALOGING SOURCE
Transcribing agency PJ
100 ## - MAIN ENTRY--PERSONAL NAME
9 (RLIN) 6675
Personal name Burgos Baranda, María Cecilia
245 10 - TITLE STATEMENT
Title De cómo interpretar las viejas instituciones. Lesión y perspectiva de género /
Statement of responsibility, etc María Cecilia Burgos Baranda, Estela Morano.
300 ## - PHYSICAL DESCRIPTION
Extent p. 156-165
500 ## - GENERAL NOTE
General note Cita: TR LALEY AR/DOC/880/2025.
505 ## - FORMATTED CONTENTS NOTE
Formatted contents note Sumario: I. El caso en estudio.— II. Los convenios de liquidación y partición.— III. La lesión subjetiva.— IV. La cuestión de género en la sentencia del Superior Tribunal.— V. Conclusión.
505 ## - FORMATTED CONTENTS NOTE
Title Fallo comentado: ST Río Negro ~ 12/08/2024 ~ A. L. G. C. C. M. M. s/ varios s/ casación.
650 #0 - SUBJECT ADDED ENTRY--TOPICAL TERM
9 (RLIN) 967
Topical term or geographic name as entry element DERECHO DE FAMILIA
650 #0 - SUBJECT ADDED ENTRY--TOPICAL TERM
9 (RLIN) 1022
Topical term or geographic name as entry element LIQUIDACION DE LA SOCIEDAD CONYUGAL
650 #0 - SUBJECT ADDED ENTRY--TOPICAL TERM
9 (RLIN) 5360
Topical term or geographic name as entry element VIOLENCIA ECONÓMICA
650 #0 - SUBJECT ADDED ENTRY--TOPICAL TERM
9 (RLIN) 6356
Topical term or geographic name as entry element PRIVACION DE LA RESPONSABILIDAD PARENTAL
650 #0 - SUBJECT ADDED ENTRY--TOPICAL TERM
9 (RLIN) 1057
Topical term or geographic name as entry element JURISPRUDENCIA APLICABLE
700 ## - ADDED ENTRY--PERSONAL NAME
9 (RLIN) 6676
Personal name Morano, Estela
Función coautor
773 0# - HOST ITEM ENTRY
Host Biblionumber 2844
Host Itemnumber 3222
Place, publisher, and date of publication Buenos Aires : AbeledoPerrot, 1989-
Title Derecho de familia. Revista Interdisciplinaria de doctrina y jurisprudencia. Junio 2025-III.
International Standard Book Number 18511201
942 ## - ADDED ENTRY ELEMENTS (KOHA)
Source of classification or shelving scheme
Koha item type Analítica Artículo de Revista

No hay ítems disponibles.

12 de Octubre 789 Ushuaia - Tel:  54(02901)441571
Horario de Atención: 8.00 a 17.00 hs. 
bibliotecaush@justierradelfuego.gov.ar
koha@justierradelfuego.gov.ar
Seguinos en nuestras redes @bibliojustdf 

Con tecnología Koha